Score 0/26 Timer 03:00
0 Plays Today
Clue 4-Letter Word % Correct
Frozen cocktail, ___ coladaPIÑA
96.6%
A color in between red and whitePINK
96%
Lightable part of a candleWICK
95.3%
The longest river in AfricaNILE
95.2%
To choosePICK
94.5%
Road Runner's foil: ___ E. CoyoteWILE
93.8%
To clean by means of water and soapWASH
93.4%
Before the presentPAST
93%
IllSICK
92.8%
A third of a genie's quotaWISH
92.6%
Flirt with the eyesWINK
92.1%
Broken bone holderCAST
91.1%
Put something in the mailPOST
90.2%
Clue 4-Letter Word % Correct
Informed and experienced WISE
89.6%
• [Rung 7]'s gang is 'The ___ Money Boys ••CASH•
85.6%
French city bordering the Mediterranean NICE
85.1%
To fire an employee, informallySACK
84.1%
• Judd Nelson plays Det. ___ Peretti ••NICK•
83.7%
'To Love Somebody' singer SimoneNINA
63.5%
• 1991 crime film: 'New [Rung 1] ___' • •CITY•
59%
• 1991 crime film: 'New ___ [Rung 26] ••JACK•
58.7%
Demeaning remorse for another person PITY
58.5%
Western PA college where the Panthers playPITT
55.5%
Surgeon spinal tuberculosis is named forPOTT
52.3%
A sotWINO
48.2%
• Wesley Snipes plays: ___ Brown ••NINO•
40.1%

Today's Daily Dose

Remove Ads.
Support Sporcle.
Get the best of Sporcle when you Go Orange. This ad-free experience offers more features, more stats, and more fun while also helping to support Sporcle. Thank you for becoming a member.

You're not logged in!

Compare scores with friends on all Sporcle quizzes.
OR
Log In

Show Comments

Extras

Top Quizzes Today


Score Distribution

Your Account Isn't Verified!

In order to create a playlist on Sporcle, you need to verify the email address you used during registration. Go to your Sporcle Settings to finish the process.

Report this User

Report this user for behavior that violates our Community Guidelines.

Details: